|
|
|
|
| LEADER |
00000cam a2200000 7i4500 |
| 001 |
0000067780 |
| 005 |
20220105105327.0 |
| 008 |
161109 |
| 020 |
|
|
|a 9789830340760
|
| 020 |
|
|
|a 9830340635(set)
|
| 020 |
|
|
|a 9830340767
|
| 090 |
0 |
0 |
|a PLC
|b MAL
|
| 100 |
1 |
|
|a Suraya
|
| 245 |
0 |
0 |
|a Johor Darul Takzim
|c Suraya
|
| 260 |
|
|
|a Kuala Lumpur :
|b Penerbitan Hartamas ,
|c 1995
|
| 300 |
|
|
|a 43pg. :
|b Col.ill
|
| 490 |
1 |
|
|a Siri tanah airku
|
| 500 |
|
|
|a Children ages 7-9 years old (orange)
|
| 650 |
|
0 |
|a Johor
|x History
|
| 999 |
|
|
|a 0000584985
|b Book
|c Children Collection
|e Cawangan Pontian
|
| 999 |
|
|
|a 0000584992
|b Book
|c Children Collection
|e Cawangan Bandar Penawar
|
| 999 |
|
|
|a 0000797854
|b Book
|c Children Collection
|e Cawangan Segamat
|
| 999 |
|
|
|a 0000799271
|b Book
|c Children Collection
|e Cawangan Pontian
|
| 999 |
|
|
|a 0000817262
|b Book
|c Children Collection
|e Cawangan Bandar Penawar
|
| 999 |
|
|
|a 0000818912
|b Book
|c Children Collection
|e Cawangan Mersing
|
| 999 |
|
|
|a 0000931880
|b Book
|c Children Collection
|e Cawangan Tangkak
|
| 999 |
|
|
|a 0000931881
|b Book
|c Children Collection
|e Cawangan Tangkak
|
| 999 |
|
|
|a 0000944074
|b Book
|c Children Collection
|e Cawangan Taman Sri Lambak
|
| 999 |
|
|
|a 0000944075
|b Book
|c Children Collection
|e Cawangan Taman Sri Lambak
|